Online
Catalog

Diario de Itzaso / (Record no. 37902)

MARC details
000 -CABECERA
campo de control de longitud fija 00395nam a2200133 a 4500
001 - NÚMERO DE CONTROL
campo de control 000038412
005 - FECHA Y HORA DE LA ÚLTIMA TRANSACCIÓN
campo de control 20210920143156.0
008 - DATOS DE LONGITUD FIJA--INFORMACIÓN GENERAL
campo de control de longitud fija 130411s2006 dr c 000 0 spa d
040 ## - FUENTE DE LA CATALOGACIÓN
Centro catalogador/agencia de origen DO-SdBNP
Lengua de catalogación spa
Centro/agencia transcriptor BNPHU
100 1# - ENTRADA PRINCIPAL--NOMBRE DE PERSONA
Nombre de persona Koldo
9 (RLIN) 77978
245 10 - MENCIÓN DE TÍTULO
Título Diario de Itzaso /
Mención de responsabilidad, etc. Koldo Campos Sagaseta de Llúrdoz.
260 ## - PUBLICACIÓN, DISTRIBUCIÓN, ETC.
Lugar de publicación, distribución, etc. Santo Domingo :
Nombre del editor, distribuidor, etc. Editalibros ,
Fecha de publicación, distribución, etc. 2006.
300 ## - DESCRIPCIÓN FÍSICA
Extensión 170 p. :
Otras características físicas retrs. , ;
Dimensiones 21 cm.
Holdings
Estado de retiro Estado de pérdida No para préstamo Código de colección Localización permanente Ubicación/localización actual Ubicación en estantería Fecha de adquisición Número de inventario Total de préstamos Signatura topográfica completa Código de barras Fecha visto por última vez Precio válido a partir de Tipo de ítem Koha
      Patrimonio Dominicano Patrimonio Dominicano Patrimonio Dominicano Orden iniciada 11.04.2013 LF1   38412-10 25.06.2020 25.06.2020 Libro y Folleto Colección Patrimonio Dominicano

Powered by Koha